RTD Denver R Line - Statistics

General Stats
  • This quiz has been taken 4 times
  • The average score is 10 of 16
Answer Stats
Hint Answer % Correct
14 Colfax
100%
7 Dayton
100%
4 Arapahoe at Village Center
67%
11 Aurora Metro Center
67%
6 Belleview
67%
10 Florida
67%
9 Iliff
67%
1 Lincoln
67%
8 Nine Mile
67%
5 Orchard
67%
16 Peoria
67%
13 13th Avenue
33%
12 2nd Avenue-Abilene
33%
2 County Line
33%
3 Dry Creek
33%
15 Fitzsimons
33%
No matching quizzes found
Score Distribution
Percent of People with Each Score
Percentile by Number Answered
Your Score History
You have not taken this quiz